| 000 | 00343nam a22001337a 4500 | ||
|---|---|---|---|
| 008 | 250408b |||||||| |||| 00| 0 eng d | ||
| 020 | _a9782458570 | ||
| 050 |
_aJF60 _b.A33 |
||
| 100 | _aAJALA Adekunle | ||
| 245 | _aSouthern Africa: The Politics of Detente | ||
| 260 |
_aNigeria _bVantage Publishers _c1989 |
||
| 300 | _axi, 251p. | ||
| 942 | _cBK | ||
| 999 |
_c2917 _d2917 |
||